[Event "Int. Stuttgarter Stadtmeisterschaft A"]
[Site "Ditzingen"]
[Date "2016.05.06"]
[Round "3.13"]
[White "Martin, Dennis"]
[Black "Aring, Gerd"]
[Result "0-1"]
[WhiteElo "1928"]
[BlackElo "2192"]
[PlyCount "98"]
[EventDate "2016.??.??"]
[WhiteTeam "SK Rotenburg"]
[BlackTeam "SV Nürtingen"]

1. d4 Nf6 2. c4 g6 3. Nc3 Bg7 4. e4 d6 5. Nf3 O-O 6. Be2 e5 7. h3 exd4 8. Nxd4
Re8 9. f3 Nh5 10. O-O Qh4 11. f4 Ng3 12. Nf3 Qd8 13. Rf2 Bxc3 14. bxc3 Nxe4 15.
Bd3 Nxf2 16. Kxf2 f5 17. Qc2 c5 18. Bd2 Nc6 19. g4 Qf6 20. Rg1 Rf8 21. gxf5
Bxf5 22. Rg5 Kh8 23. h4 h6 24. Rg2 Ne7 25. Kg1 Rae8 26. Be3 Bh3 27. Rh2 Nf5 28.
Bf2 Bg4 29. Ne1 Re6 30. Qd2 Rfe8 31. Nc2 Be2 32. Bxf5 Qxf5 33. Rg2 Qd3 34. Qc1
Qd1+ 35. Qxd1 Bxd1 36. Na3 a6 37. Nb1 Bc2 38. Nd2 Re2 39. Nf1 Kh7 40. Ng3 Rd2
41. h5 Rf8 42. hxg6+ Bxg6 43. Be3 Rxg2+ 44. Kxg2 Bd3 45. Kf2 Kg6 46. a3 h5 47.
Kf3 h4 48. Nh1 Kf5 49. Nf2 Bxc4 0-1

[Event "Int. Stuttgarter Stadtmeisterschaft A"]
[Site "Ditzingen"]
[Date "2016.05.06"]
[Round "3.14"]
[White "Haas, Wilhelm"]
[Black "Döring, Andreas"]
[Result "1/2-1/2"]
[WhiteElo "2191"]
[BlackElo "2085"]
[PlyCount "61"]
[EventDate "2016.??.??"]
[WhiteTeam "SC Erdmannhausen"]
[BlackTeam "SC Tamm"]

1. d4 Nf6 2. c4 g6 3. Nc3 d5 4. Nf3 Bg7 5. e3 O-O 6. cxd5 Nxd5 7. Bc4 Nxc3 8.
bxc3 c5 9. O-O Qc7 10. Qe2 Bg4 11. Bb3 Qa5 12. Bd2 Nc6 13. Rad1 cxd4 14. cxd4
Qh5 15. h3 Bd7 16. Rfe1 Rac8 17. d5 Ne5 18. Nxe5 Qxe2 19. Rxe2 Bxe5 20. e4 Bb5
21. Ree1 Bc3 22. Bxc3 Rxc3 23. Rd4 Rfc8 24. e5 Kf8 25. d6 e6 26. Red1 Bd7 27.
R1d2 a5 28. f4 b5 29. Kf2 R8c5 30. Bd1 Kg7 31. R2d3 1/2-1/2

[Event "Int. Stuttgarter Stadtmeisterschaft A"]
[Site "Ditzingen"]
[Date "2016.05.06"]
[Round "3.15"]
[White "Germer, Philipp"]
[Black "Klaus, Dominik"]
[Result "1-0"]
[WhiteElo "2180"]
[BlackElo "2068"]
[PlyCount "171"]
[EventDate "2016.??.??"]
[WhiteTeam "SC Oberwinden"]
[BlackTeam "Ssg Fils-Lauter"]

1. d4 d5 2. c4 c6 3. Nc3 Nf6 4. e3 e6 5. Nf3 Be7 6. Qc2 O-O 7. b3 a6 8. Bd3 b5
9. Bb2 Bb7 10. c5 Nbd7 11. b4 a5 12. a3 Qc7 13. O-O h6 14. Ne2 axb4 15. axb4
Rxa1 16. Rxa1 Ra8 17. Ng3 Qb8 18. h3 Bd8 19. Ne5 Rxa1+ 20. Bxa1 Bc7 21. f4 Qa8
22. Bc3 Qa3 23. Qb2 Qxb2 24. Bxb2 Nxe5 25. dxe5 Nd7 26. Ne2 f5 27. Nd4 Nf8 28.
Bc3 h5 29. Kf1 Kf7 30. Ke2 g6 31. Kd1 Ke8 32. Be1 Bd8 33. g4 hxg4 34. hxg4 Kd7
35. Be2 Bc8 36. Bg3 Kc7 37. Ke1 Bd7 38. Kf1 Be7 39. Kg2 Nh7 40. Kh3 Kd8 41.
gxf5 exf5 42. Bh4 Nf8 43. Bxe7+ Kxe7 44. Kh4 Ne6 45. Nf3 Be8 46. Kg3 Bf7 47.
Bd3 Be8 48. Nh4 Ng7 49. Kf2 Kf7 50. Ke2 Ke7 51. Nf3 Ne6 52. Nd2 Kd7 53. Nf1 Ke7
54. Ng3 Ng7 55. Kd2 Bd7 56. Ne2 Ne6 57. Nc3 Nc7 58. Ne2 Ne6 59. Nc1 Be8 60. Nb3
Kd7 61. Ke2 Bf7 62. Kf3 Be8 63. Na5 Kc7 64. Kg3 Bd7 65. Nb3 Kd8 66. Kh4 Be8 67.
Nd4 Nxd4 68. exd4 Ke7 69. Kg5 Kf7 70. Bxf5 gxf5 71. Kxf5 Bd7+ 72. Kg5 Bh3 73.
f5 Kg7 74. e6 Bg2 75. f6+ Kf8 76. Kf5 Bh3+ 77. Ke5 Ke8 78. Kd6 Bg4 79. e7 Kf7
80. Kxc6 Bh5 81. Kd7 Kxf6 82. e8=Q Bxe8+ 83. Kxe8 Kf5 84. c6 Ke4 85. c7 Kxd4
86. c8=Q 1-0

[Event "Int. Stuttgarter Stadtmeisterschaft A"]
[Site "Ditzingen"]
[Date "2016.05.06"]
[Round "3.16"]
[White "Pflaum, Stefan"]
[Black "Gabriel, Robert"]
[Result "0-1"]
[WhiteElo "2071"]
[BlackElo "2176"]
[PlyCount "42"]
[EventDate "2016.??.??"]
[WhiteTeam "SC Botnang"]
[BlackTeam "Stuttgarter SF"]

1. d4 d5 2. Nf3 Nf6 3. Bf4 e6 4. e3 c5 5. c3 a6 6. Nbd2 Nc6 7. Bd3 Bd6 8. O-O
O-O 9. Re1 h6 10. Rc1 Re8 11. Bxd6 Qxd6 12. e4 dxe4 13. Nxe4 Nxe4 14. Bxe4 Rd8
15. Bxc6 Qxc6 16. Ne5 Qc7 17. Qh5 b6 18. Re3 cxd4 19. Rg3 Bb7 20. Qxh6 Qxe5 21.
f4 Qe3+ 0-1

[Event "Int. Stuttgarter Stadtmeisterschaft A"]
[Site "Ditzingen"]
[Date "2016.05.06"]
[Round "3.17"]
[White "Büter, Norbert"]
[Black "Hüttig, Michael"]
[Result "1-0"]
[WhiteElo "2053"]
[BlackElo "2164"]
[PlyCount "69"]
[EventDate "2016.??.??"]
[WhiteTeam "SpVgg Rommelshausen"]
[BlackTeam "SC Erdmannhausen"]

1. d4 Nf6 2. c4 c5 3. d5 d6 4. Nc3 g6 5. e4 Bg7 6. h3 O-O 7. Bg5 h6 8. Be3 e6
9. Bd3 exd5 10. exd5 Na6 11. Qd2 Re8 12. Nge2 Kh7 13. O-O Nd7 14. f4 f5 15. Bf2
Nb4 16. Bb1 Nb6 17. Bd3 Bd7 18. Rae1 Nxd3 19. Qxd3 a6 20. Kh1 Qf6 21. Ng1 Na4
22. Nxa4 Bxa4 23. b3 Bd7 24. Nf3 Qc3 25. Qb1 b5 26. Bh4 bxc4 27. Re7 Rxe7 28.
Bxe7 cxb3 29. Bxd6 Bb5 30. Re1 b2 31. Be5 Bd3 32. Bxc3 Bxb1 33. Bxg7 Kxg7 34.
Rxb1 Rb8 35. Ne5 1-0

[Event "Int. Stuttgarter Stadtmeisterschaft A"]
[Site "Ditzingen"]
[Date "2016.05.06"]
[Round "3.18"]
[White "Shahin, Walid"]
[Black "Pfeifer, Wilfried"]
[Result "1-0"]
[WhiteElo "2140"]
[BlackElo "1995"]
[PlyCount "91"]
[EventDate "2016.??.??"]
[WhiteTeam "SK Weilheim"]
[BlackTeam "TSF Ditzingen"]

1. d4 f5 2. Nf3 Nf6 3. g3 d6 4. Bg2 g6 5. O-O Bg7 6. c4 O-O 7. Nc3 Qe8 8. b3
Na6 9. Ba3 Bd7 10. Re1 c5 11. Rc1 Nb4 12. dxc5 dxc5 13. Bxb4 cxb4 14. Nd5 Nxd5
15. Qxd5+ e6 16. Qxb7 Bc3 17. Red1 Bc6 18. Qa6 Rf7 19. Nd4 Bxg2 20. Kxg2 Bxd4
21. Rxd4 Rd7 22. Rcd1 Rad8 23. Qxa7 Rxa7 24. Rxd8 Kf7 25. Rxe8 Kxe8 26. Rd2 g5
27. Kf3 Ke7 28. e4 Ra5 29. exf5 Rxf5+ 30. Ke4 g4 31. Kd4 Kd6 32. Re2 e5+ 33.
Ke4 Rf3 34. Rd2+ Ke6 35. c5 Rc3 36. Rd6+ Ke7 37. Kd5 Rc2 38. Rh6 Rxf2 39. Rxh7+
Kf6 40. Rh6+ Kf5 41. c6 Rd2+ 42. Kc5 e4 43. c7 Rc2+ 44. Kb6 Rxc7 45. Kxc7 e3
46. Kd6 1-0

[Event "Int. Stuttgarter Stadtmeisterschaft A"]
[Site "Ditzingen"]
[Date "2016.05.06"]
[Round "3.19"]
[White "Jurasin, Marin"]
[Black "Schulte, Torsten"]
[Result "0-1"]
[WhiteElo "2039"]
[BlackElo "2139"]
[PlyCount "66"]
[EventDate "2016.??.??"]
[WhiteTeam "SG Schönbuch"]

1. Nf3 c5 2. c4 Nf6 3. g3 d5 4. cxd5 Nxd5 5. Nc3 Nc6 6. Bg2 Nc7 7. b3 e5 8. O-O
Be7 9. Bb2 O-O 10. Rc1 f6 11. Na4 Ne6 12. d3 Bd7 13. Nd2 Rc8 14. Nc3 b6 15. Nd5
Re8 16. Nxe7+ Qxe7 17. Bc3 Ncd4 18. Ne4 Red8 19. Bd2 Bb5 20. Nc3 Be8 21. b4 Bh5
22. bxc5 Rxc5 23. f3 Rdc8 24. Kf2 Qd7 25. Qa4 Qxa4 26. Nxa4 Rc2 27. Rfd1 R8c7
28. Nc3 Rb2 29. Bf1 h6 30. a4 Nb3 31. Nb5 Rxc1 32. Bxc1 Rb1 33. Nxa7 Nec5 0-1

[Event "Int. Stuttgarter Stadtmeisterschaft A"]
[Site "Ditzingen"]
[Date "2016.05.06"]
[Round "3.20"]
[White "Wenner, Tobias"]
[Black "Herold, Hansjoerg"]
[Result "1/2-1/2"]
[WhiteElo "2136"]
[BlackElo "1983"]
[PlyCount "88"]
[EventDate "2016.??.??"]
[WhiteTeam "SC Eppingen"]
[BlackTeam "SV Böckingen"]

1. Nf3 Nf6 2. c4 d5 3. g3 dxc4 4. Na3 a6 5. Nxc4 b5 6. Ne3 Bb7 7. Bg2 e6 8. O-O
Be7 9. a4 c5 10. axb5 axb5 11. Rxa8 Bxa8 12. Qb3 Qa5 13. Nc4 Qa6 14. Na3 b4 15.
Nc4 Nc6 16. d3 O-O 17. Be3 Bb7 18. Rc1 Nd7 19. Bh3 Ra8 20. Qd1 Qb5 21. Ng5 Nde5
22. Nxe5 Nxe5 23. Bg2 Bxg2 24. Kxg2 Qb7+ 25. Kg1 Qd5 26. Nh3 Ng6 27. Nf4 Nxf4
28. Bxf4 Rc8 29. b3 Bg5 30. e4 Qd8 31. Bxg5 Qxg5 32. Rc4 e5 33. Qc2 Qe7 34.
Rxb4 Rd8 35. Rc4 g6 36. Rxc5 Rxd3 37. b4 Rd4 38. b5 Qd6 39. Rd5 Rxd5 40. exd5
Qxd5 41. Qc6 Qd4 42. b6 e4 43. Kg2 Qb2 44. b7 e3 1/2-1/2

[Event "Int. Stuttgarter Stadtmeisterschaft A"]
[Site "Ditzingen"]
[Date "2016.05.06"]
[Round "3.21"]
[White "Pfrommer, Martin"]
[Black "Gustain, Marc"]
[Result "0-1"]
[WhiteElo "2013"]
[BlackElo "2133"]
[PlyCount "74"]
[EventDate "2016.??.??"]
[WhiteTeam "SV Schorndorf"]
[BlackTeam "SF Deizisau"]

1. e4 c5 2. Nf3 d6 3. Bc4 Nf6 4. Nc3 Bg4 5. h3 Bh5 6. d3 e6 7. g4 Bg6 8. Qe2
Nc6 9. Bg5 Be7 10. Bb3 a6 11. a3 Qc7 12. Bf4 Nd7 13. Be3 Bf6 14. h4 h5 15. g5
Bd4 16. Nd1 b5 17. c3 Bxe3 18. Nxe3 O-O 19. Nd2 Rfe8 20. Bc2 d5 21. Ng2 c4 22.
f4 cxd3 23. Bxd3 Nc5 24. Bc2 Rad8 25. O-O-O d4 26. Rh3 dxc3 27. Rxc3 Nd4 28.
Qe3 Qb6 29. Kb1 Nxc2 30. Rxc2 Bxe4 31. Nxe4 Rxd1+ 32. Ka2 Na4 33. Qf3 Qd4 34.
Qxh5 Qd5+ 35. b3 Qd4 36. bxa4 Ra1+ 37. Kb3 bxa4# 0-1

[Event "Int. Stuttgarter Stadtmeisterschaft A"]
[Site "Ditzingen"]
[Date "2016.05.06"]
[Round "3.22"]
[White "Kessler, Andreas"]
[Black "Lüdke, Joshua"]
[Result "0-1"]
[WhiteElo "2128"]
[BlackElo "1934"]
[PlyCount "66"]
[EventDate "2016.??.??"]
[WhiteTeam "SG Reil-Kinheim"]
[BlackTeam "SV Marbach"]

1. g3 d5 2. Bg2 Nf6 3. Nf3 g6 4. b3 Bg7 5. Bb2 c5 6. e3 O-O 7. O-O Nc6 8. d4
cxd4 9. Nxd4 Re8 10. Nxc6 bxc6 11. c4 Be6 12. Nd2 Qd7 13. Qe2 Bh3 14. Rfd1 Bxg2
15. Kxg2 e5 16. Qd3 e4 17. Qc2 Qf5 18. h3 h5 19. Rac1 Nh7 20. Bxg7 Kxg7 21.
Qc3+ Kg8 22. Qa5 Ng5 23. Rh1 Re6 24. Qc7 Nf3 25. Rc2 Ne5 26. Qb7 Rd8 27. cxd5
Rxd5 28. Rf1 h4 29. Qb8+ Kh7 30. g4 Nxg4 31. hxg4 Qxg4+ 32. Kh1 Red6 33. Kh2
Rg5 0-1

[Event "Int. Stuttgarter Stadtmeisterschaft A"]
[Site "Ditzingen"]
[Date "2016.05.06"]
[Round "3.23"]
[White "Maisch, Julian"]
[Black "Gheng, Dominik"]
[Result "1-0"]
[WhiteElo "2108"]
[BlackElo "1840"]
[PlyCount "59"]
[EventDate "2016.??.??"]
[WhiteTeam "SF Kornwestheim"]
[BlackTeam "Schach-Kids Bernhausen"]

1. e4 e5 2. Nf3 Nc6 3. Bb5 Nf6 4. d3 d6 5. O-O a6 6. Ba4 Be7 7. c3 O-O 8. Nbd2
b5 9. Bc2 Re8 10. Re1 Nb8 11. a4 Bb7 12. Nf1 Bf8 13. Ng3 g6 14. h3 Nbd7 15. Be3
h6 16. Qd2 Kh7 17. Nh2 d5 18. f3 c5 19. Qf2 Bd6 20. Rf1 Qc7 21. Ng4 d4 22. Bd2
Ng8 23. f4 Re7 24. f5 c4 25. Ne2 cxd3 26. Bxh6 dxe2 27. fxg6+ fxg6 28. Qf7+ Kh8
29. Bg7+ Kh7 30. Bxe5+ 1-0

[Event "Int. Stuttgarter Stadtmeisterschaft A"]
[Site "Ditzingen"]
[Date "2016.05.06"]
[Round "3.24"]
[White "Syed, Tareq"]
[Black "Jussupow, Nadia"]
[Result "1/2-1/2"]
[WhiteElo "2010"]
[BlackElo "2106"]
[PlyCount "49"]
[EventDate "2016.??.??"]
[WhiteTeam "SC Brett vorm Kopp"]
[BlackTeam "SK Krumbach"]

1. d3 g6 2. g3 Bg7 3. Bg2 d5 4. Nd2 c5 5. e4 e6 6. exd5 exd5 7. Ne2 Ne7 8. O-O
O-O 9. d4 cxd4 10. Nf3 d3 11. Qxd3 Bf5 12. Qb3 Nbc6 13. c3 Be4 14. Re1 Qd7 15.
Nd2 Bxg2 16. Kxg2 Nf5 17. Nf3 Rfe8 18. Bf4 h6 19. h4 Re4 20. Rad1 Qe7 21. Nc1
Rd8 22. Nd3 b6 23. Qc2 d4 24. Rxe4 Qxe4 25. Re1 1/2-1/2

[Event "Int. Stuttgarter Stadtmeisterschaft A"]
[Site "Ditzingen"]
[Date "2016.05.06"]
[Round "3.25"]
[White "Wettengel, Alexander"]
[Black "Ruff, Robert"]
[Result "1-0"]
[WhiteElo "2105"]
[BlackElo "1871"]
[PlyCount "89"]
[EventDate "2016.??.??"]
[WhiteTeam "Stuttgarter SF"]
[BlackTeam "SK Sachsenheim"]

1. e4 e6 2. d4 d5 3. Nc3 Bb4 4. exd5 exd5 5. Bd3 Nc6 6. a3 Ba5 7. b4 Bb6 8.
Nge2 Nge7 9. O-O Bf5 10. Be3 O-O 11. Na4 Bxd3 12. Qxd3 Qd7 13. Ng3 f5 14. f4
Nc8 15. Nc5 Bxc5 16. dxc5 a6 17. Rad1 N8e7 18. Rfe1 Rad8 19. Ne2 Qe6 20. Bd4
Qf7 21. Ba1 Kh8 22. Qb3 Ng8 23. Rd3 Nf6 24. Bxf6 Qxf6 25. Red1 Ne7 26. Nd4 c6
27. Re1 Ng8 28. Re5 Rde8 29. Rde3 Rxe5 30. Rxe5 Nh6 31. Qd3 g6 32. Re6 Qh4 33.
g3 Qh3 34. Nf3 Ng4 35. Qe2 Kg7 36. Re7+ Kg8 37. Ng5 Qh6 38. Rxh7 Qxg5 39. fxg5
Kxh7 40. h3 Nh6 41. gxh6 Kxh6 42. Qe7 Rb8 43. Kf2 b6 44. Qc7 Re8 45. cxb6 1-0

[Event "Int. Stuttgarter Stadtmeisterschaft A"]
[Site "Ditzingen"]
[Date "2016.05.06"]
[Round "3.26"]
[White "Schallner, Marc"]
[Black "Gerstenberger, Heinz"]
[Result "1-0"]
[WhiteElo "1975"]
[BlackElo "2101"]
[PlyCount "47"]
[EventDate "2016.??.??"]
[WhiteTeam "SF Kornwestheim"]
[BlackTeam "Stuttgarter SF"]

1. e4 c5 2. Nf3 a6 3. c3 d5 4. exd5 Qxd5 5. d4 Nf6 6. Nbd2 e6 7. Nc4 Nbd7 8.
Be2 Be7 9. O-O O-O 10. Nfe5 cxd4 11. Bf3 Qc5 12. cxd4 Qc7 13. Bf4 Nxe5 14. Nxe5
Qb6 15. Nc4 Qd8 16. Qb3 Nd7 17. Rac1 Ra7 18. Nd6 Bxd6 19. Bxd6 Re8 20. Rc7 Nf6
21. Be5 Nd5 22. Bxd5 Qxd5 23. Qg3 g6 24. Qf4 1-0

[Event "Int. Stuttgarter Stadtmeisterschaft A"]
[Site "Ditzingen"]
[Date "2016.05.06"]
[Round "3.27"]
[White "Montigel, Philipp"]
[Black "Viehoff, Jürgen"]
[Result "1/2-1/2"]
[WhiteElo "2097"]
[BlackElo "1824"]
[PlyCount "94"]
[EventDate "2016.??.??"]
[WhiteTeam "SV Stuttgart-Wolfbusch"]
[BlackTeam "SC Stetten a.d.F."]

1. b3 Nf6 2. Bb2 e6 3. Nf3 b6 4. g3 Bb7 5. Bg2 Be7 6. O-O O-O 7. c4 c5 8. Nc3
a6 9. d4 cxd4 10. Nxd4 Bxg2 11. Kxg2 d5 12. cxd5 Nxd5 13. Rc1 Nxc3 14. Rxc3
Qd5+ 15. f3 Rd8 16. Rd3 Nc6 17. e4 Qd7 18. Nxc6 Qxc6 19. Rf2 Rxd3 20. Qxd3 Rd8
21. Qxa6 Ra8 22. Qd3 Rxa2 23. Rc2 Qe8 24. Bd4 Rxc2+ 25. Qxc2 b5 26. Qc7 f6 27.
Bc5 Bxc5 28. Qxc5 Qd7 29. h4 g6 30. h5 Kg7 31. e5 f5 32. Kh3 g5 33. g4 fxg4+
34. Kxg4 Qf7 35. Qe3 Qf5+ 36. Kg3 Kh6 37. b4 Kxh5 38. Qc5 Qf4+ 39. Kg2 Qd2+ 40.
Kg3 Qe1+ 41. Kh3 Qf1+ 42. Kg3 Kg6 43. Qc2+ Kg7 44. Qc7+ Kh6 45. Qd6 Qe1+ 46.
Kh3 Kh5 47. Qxe6 Qh1+ 1/2-1/2

[Event "Int. Stuttgarter Stadtmeisterschaft A"]
[Site "Ditzingen"]
[Date "2016.05.06"]
[Round "3.28"]
[White "Frühsorger, Dieter"]
[Black "Karimi, Farhad"]
[Result "0-1"]
[WhiteElo "1907"]
[BlackElo "2095"]
[PlyCount "106"]
[EventDate "2016.??.??"]
[WhiteTeam "SK Schwäbisch Hall"]
[BlackTeam "Satranç Club"]

1. e4 c5 2. Nf3 Nc6 3. d4 cxd4 4. Nxd4 e5 5. Nb3 Nf6 6. Nc3 Bb4 7. Bd3 d5 8.
exd5 Nxd5 9. Bd2 Nxc3 10. bxc3 Be7 11. Qh5 g6 12. Qh6 Bf8 13. Qg5 Qxg5 14. Bxg5
Bg7 15. O-O h6 16. Bd2 b6 17. c4 Bb7 18. Bc3 O-O 19. c5 Nd4 20. cxb6 axb6 21.
Nxd4 exd4 22. Bd2 Ba6 23. Rfb1 Bxd3 24. cxd3 Rfc8 25. Rb2 Ra3 26. Rb3 Rxb3 27.
axb3 Rc2 28. Be1 Rb2 29. b4 Bf8 30. Kf1 Bxb4 31. Bxb4 Rxb4 32. Ra2 Kg7 33. Ke2
Kf6 34. f4 h5 35. Kf3 Kf5 36. g3 Rb3 37. Rd2 Rb1 38. h3 Rf1+ 39. Kg2 Rb1 40.
Kf3 b5 41. g4+ hxg4+ 42. hxg4+ Ke6 43. Ke4 Rg1 44. f5+ Kd6 45. Kf4 gxf5 46.
gxf5 Kd5 47. Re2 Rf1+ 48. Kg5 Rf3 49. Kf6 Rxd3 50. Re5+ Kc4 51. Kxf7 Rf3 52.
Ke6 d3 53. Rd5 b4 0-1

[Event "Int. Stuttgarter Stadtmeisterschaft A"]
[Site "Ditzingen"]
[Date "2016.05.06"]
[Round "3.29"]
[White "Schönberger, Peter"]
[Black "Müller, Dennis"]
[Result "1-0"]
[WhiteElo "2088"]
[BlackElo "1801"]
[PlyCount "99"]
[EventDate "2016.??.??"]
[WhiteTeam "SCHWARMSTE"]
[BlackTeam "SC Kreut"]

1. e4 e5 2. Nf3 d6 3. d4 exd4 4. Nxd4 Nf6 5. Nc3 Be7 6. Bc4 O-O 7. O-O Re8 8.
h3 Nxe4 9. Qh5 Nf6 10. Qxf7+ Kh8 11. Re1 Nc6 12. Nxc6 bxc6 13. Bg5 Bf5 14. Bb3
Bg6 15. Qc4 c5 16. Ba4 Nd7 17. Bxe7 Rxe7 18. Qa6 Rxe1+ 19. Rxe1 Nf6 20. Qe2 Rb8
21. b3 h6 22. Bc6 Rb6 23. Bf3 d5 24. Na4 Rc6 25. c4 Be4 26. cxd5 Bxf3 27. Qxf3
Qxd5 28. Qxd5 Nxd5 29. Re5 Nb4 30. a3 Nc2 31. Nxc5 Nxa3 32. b4 a6 33. Kf1 Nc2
34. Nd3 Kh7 35. Ke2 Rb6 36. Re4 Na3 37. Kd2 Nb5 38. Rc4 Rd6 39. f3 Kg6 40. Rc5
Kf6 41. h4 Ke6 42. Ke3 Kd7 43. Rf5 Ke7 44. Re5+ Kf6 45. f4 Nd4 46. g4 Nc2+ 47.
Ke2 Nd4+ 48. Kf2 Nc2 49. Nc5 Nxb4 50. Ne4+ 1-0

[Event "Int. Stuttgarter Stadtmeisterschaft A"]
[Site "Ditzingen"]
[Date "2016.05.06"]
[Round "3.30"]
[White "Weis, Olga"]
[Black "Hoeschele, Hans-Ulrich"]
[Result "0-1"]
[WhiteElo "1902"]
[BlackElo "2012"]
[PlyCount "64"]
[EventDate "2016.??.??"]
[WhiteTeam "OSG Baden-Baden"]
[BlackTeam "Stuttgarter SF"]

1. e4 e5 2. Nf3 Nc6 3. Bc4 d6 4. c3 Qe7 5. d3 Nf6 6. Nbd2 h6 7. Nf1 g6 8. Ng3
Bg7 9. Bb3 Be6 10. O-O Bg4 11. h3 Bxf3 12. Qxf3 O-O 13. Be3 Kh7 14. Rfe1 Nd7
15. Rad1 Qf6 16. Qe2 Nc5 17. Bc2 Ne6 18. Qd2 Rad8 19. Bb3 Na5 20. Bd5 c5 21. b4
cxb4 22. cxb4 Nc6 23. Bxc6 bxc6 24. Bxa7 Ra8 25. Be3 Ra6 26. Rc1 Rfa8 27. Rc2
Qe7 28. Ne2 Qb7 29. Rb2 Ra3 30. Nc3 Qa6 31. Ra1 Nd4 32. Qd1 Rxc3 0-1

[Event "Int. Stuttgarter Stadtmeisterschaft A"]
[Site "Ditzingen"]
[Date "2016.05.06"]
[Round "3.31"]
[White "Reindl, Arno"]
[Black "Wirth, Steffen"]
[Result "1/2-1/2"]
[WhiteElo "1738"]
[BlackElo "2001"]
[PlyCount "120"]
[EventDate "2016.??.??"]
[WhiteTeam "SG Schwäbisch Gmünd"]
[BlackTeam "SSV Zuffenhausen"]

1. e4 c5 2. d4 cxd4 3. c3 Nf6 4. e5 Nd5 5. Nf3 Nc6 6. cxd4 e6 7. Nc3 d6 8. Nxd5
exd5 9. Be2 dxe5 10. dxe5 Bc5 11. O-O O-O 12. Bd3 h6 13. Bf4 f5 14. Rc1 Bb6 15.
Bb5 Ne7 16. h4 Bd7 17. Bxd7 Qxd7 18. Nd4 Ng6 19. g3 Nxf4 20. gxf4 Qe7 21. Nf3
Rfd8 22. a3 Qe6 23. Kh2 d4 24. Qd3 Qd5 25. Rce1 Qe6 26. Rg1 Rac8 27. h5 Rf8 28.
Rg6 Qc4 29. Qxc4+ Rxc4 30. Reg1 Rc7 31. Rd6 d3 32. Rxd3 Bxf2 33. Rg2 Bb6 34.
Rd6 Be3 35. Kg3 Rc4 36. Rd7 Rxf4 37. Kh2 Rg4 38. Rxb7 Rxg2+ 39. Kxg2 Re8 40.
Kg3 Re6 41. b3 g6 42. Rd7 g5 43. Rd3 Bf4+ 44. Kg2 g4 45. Nh4 Rxe5 46. Ng6 Re2+
47. Kf1 Re4 48. Rd8+ Kf7 49. Rd7+ Kf6 50. Rxa7 Kg5 51. Rf7 Bg3 52. Ne7 f4 53.
Nf5 Kxh5 54. a4 Kg6 55. Rf8 h5 56. Nxg3 fxg3 57. Rg8+ Kf5 58. Kg2 Re3 59. b4 h4
60. Rf8+ Kg5 1/2-1/2

[Event "Int. Stuttgarter Stadtmeisterschaft A"]
[Site "Ditzingen"]
[Date "2016.05.06"]
[Round "3.32"]
[White "Marzev, Ivan"]
[Black "Gauer, Jakob"]
[Result "1-0"]
[WhiteElo "1991"]
[BlackElo "1801"]
[PlyCount "85"]
[EventDate "2016.??.??"]
[WhiteTeam "SG Ludwigsburg"]
[BlackTeam "SC Ostfildern"]

1. d4 d5 2. c4 e6 3. Nf3 Nf6 4. g3 Be7 5. Bg2 O-O 6. O-O dxc4 7. Ne5 Nc6 8.
Nxc6 bxc6 9. Bxc6 Rb8 10. Bf3 c5 11. dxc5 Qxd1 12. Rxd1 Bxc5 13. Nc3 Ba6 14.
Bf4 Rbd8 15. Bc7 Rc8 16. Ba5 Rb8 17. Bc7 Rbc8 18. Bd6 Rfe8 19. Bxc5 Rxc5 20.
Rd6 Bc8 21. Rad1 g6 22. Bc6 Rf8 23. Na4 Re5 24. Kf1 Ba6 25. Bf3 Bb5 26. Nc3 Rc5
27. a4 Be8 28. Ra6 Rc7 29. Nb5 Bxb5 30. axb5 Nd7 31. Rda1 Ne5 32. Rxa7 Rxa7 33.
Rxa7 Nxf3 34. exf3 Rb8 35. Ra5 Kg7 36. Ke2 Kf6 37. Kd2 Ke5 38. Kc3 Kd5 39. Kb4
h5 40. Ra7 f6 41. Rd7+ Ke5 42. Kxc4 Rc8+ 43. Kb4 1-0

[Event "Int. Stuttgarter Stadtmeisterschaft A"]
[Site "Ditzingen"]
[Date "2016.05.06"]
[Round "3.33"]
[White "Cummings, Orlyn"]
[Black "Reichenbächer, Thomas"]
[Result "0-1"]
[WhiteElo "1884"]
[BlackElo "1990"]
[PlyCount "42"]
[EventDate "2016.??.??"]
[WhiteTeam "SK Schmiden/Cannstatt"]
[BlackTeam "SVG Konstanz"]

1. e4 c5 2. Nf3 a6 3. c3 e6 4. d4 d5 5. e5 Nc6 6. a3 Nh6 7. Bxh6 gxh6 8. Bd3
Bd7 9. b4 cxd4 10. cxd4 f5 11. exf6 Qxf6 12. Nc3 Bg7 13. Ne2 O-O 14. h4 e5 15.
Bxh7+ Kxh7 16. dxe5 Nxe5 17. Ng5+ Kh8 18. f4 Ng4 19. Rc1 Rae8 20. a4 Qxf4 21.
Qc2 Qxb4+ 0-1

[Event "Int. Stuttgarter Stadtmeisterschaft A"]
[Site "Ditzingen"]
[Date "2016.05.06"]
[Round "3.34"]
[White "Longo, Claudio"]
[Black "Lehmann, Stefan"]
[Result "1-0"]
[WhiteElo "1870"]
[BlackElo "1903"]
[PlyCount "101"]
[EventDate "2016.??.??"]
[WhiteTeam "SK Gräfelfing"]
[BlackTeam "Ssg Fils-Lauter"]

1. d4 Nf6 2. Nf3 e6 3. e3 b6 4. Nbd2 Bb7 5. Bd3 Be7 6. b3 O-O 7. O-O c5 8. Bb2
Nc6 9. a3 Rc8 10. Rc1 cxd4 11. exd4 Qc7 12. Qe2 Nd5 13. g3 f5 14. c4 Nf6 15. d5
Nd8 16. Bxf5 Qd6 17. dxe6 Nxe6 18. Bxe6+ dxe6 19. Rfe1 Nd7 20. Qxe6+ Qxe6 21.
Rxe6 Bc5 22. b4 Bxf3 23. bxc5 Bg4 24. Re7 Rf7 25. Rxf7 Kxf7 26. cxb6 axb6 27.
Ne4 Rc6 28. Kg2 Nc5 29. Nxc5 Rxc5 30. Bd4 Rc6 31. c5 bxc5 32. Rxc5 Rxc5 33.
Bxc5 Ke6 34. f3 Bf5 35. a4 h5 36. a5 Kd5 37. a6 Kc6 38. a7 Kb7 39. Kf2 g6 40.
Ke3 Bb1 41. Kf4 Bc2 42. h4 Bd1 43. Kg5 Bc2 44. g4 hxg4 45. Kxg4 Bb1 46. f4 Bc2
47. Kg5 Bb1 48. Bd4 Bc2 49. f5 Bxf5 50. h5 gxh5 51. Kxf5 1-0

[Event "Int. Stuttgarter Stadtmeisterschaft A"]
[Site "Ditzingen"]
[Date "2016.05.06"]
[Round "3.36"]
[White "Imhof, Thomas"]
[Black "Stoll, Katja"]
[Result "1-0"]
[WhiteElo "1930"]
[BlackElo "1870"]
[PlyCount "69"]
[EventDate "2016.??.??"]
[WhiteTeam "SGem Vaihingen-Rohr"]
[BlackTeam "SC Weiße Dame Ulm"]

1. g3 d5 2. Bg2 Nf6 3. Nf3 c5 4. O-O Nc6 5. d3 e6 6. Nbd2 Be7 7. e4 d4 8. Nc4
b5 9. Nfe5 Nxe5 10. Nxe5 Bb7 11. f4 c4 12. f5 Bd6 13. Ng4 e5 14. Bg5 h6 15. Bd2
h5 16. Nf2 Nd7 17. a4 cxd3 18. cxd3 b4 19. a5 Ba6 20. Bf3 h4 21. g4 Rb8 22. g5
Nc5 23. Be2 b3 24. Ra3 Nxe4 25. Nxe4 Bxa3 26. bxa3 b2 27. Bb4 Qd5 28. Qc2 h3
29. Qxb2 Rh4 30. Bf3 Qxa5 31. Nd6+ Kd7 32. Bc6+ Kc7 33. Bxa5+ Kxc6 34. Qxb8
Rg4+ 35. Kh1 1-0

[Event "Int. Stuttgarter Stadtmeisterschaft A"]
[Site "Ditzingen"]
[Date "2016.05.06"]
[Round "3.37"]
[White "Baars, Mario"]
[Black "Kasüschke, Lars"]
[Result "0-1"]
[WhiteElo "1775"]
[BlackElo "2013"]
[PlyCount "46"]
[EventDate "2016.??.??"]
[WhiteTeam "SG Schwäbisch Gmünd"]
[BlackTeam "SG Schwäbisch Gmünd"]

1. e4 e5 2. Nf3 Nf6 3. Nxe5 d6 4. Nf3 Nxe4 5. Nc3 Nxc3 6. dxc3 Be7 7. Be3 Nc6
8. Qd2 Bf5 9. Be2 Bf6 10. Nd4 Nxd4 11. cxd4 d5 12. g4 Be4 13. f3 Bh4+ 14. Kd1
Bg6 15. Bd3 Qf6 16. Rf1 Bxd3 17. Qxd3 O-O-O 18. c3 Rhe8 19. Kc2 Qe6 20. Bf4
Qe2+ 21. Bd2 g6 22. Rad1 Re6 23. Kc1 Qxd3 0-1

[Event "Int. Stuttgarter Stadtmeisterschaft A"]
[Site "Ditzingen"]
[Date "2016.05.06"]
[Round "3.38"]
[White "Cummings, Nicolai"]
[Black "Schnepel, Thomas"]
[Result "1/2-1/2"]
[WhiteElo "1996"]
[BlackElo "1907"]
[PlyCount "107"]
[EventDate "2016.??.??"]
[WhiteTeam "SC Ingersheim"]
[BlackTeam "SC Pforzheim"]

1. d4 Nf6 2. c4 e6 3. Nf3 c5 4. Nc3 d5 5. e3 Nc6 6. Bd3 Be7 7. O-O O-O 8. b3 b6
9. dxc5 bxc5 10. cxd5 exd5 11. Ne2 Bg4 12. Bb5 Bxf3 13. Bxc6 Rc8 14. Bb5 Bh5
15. Qc2 Qb6 16. Bd3 Bg6 17. Bxg6 hxg6 18. Bb2 Qd6 19. Rac1 Ng4 20. g3 Bg5 21.
Nf4 d4 22. Qe2 f5 23. exd4 Bxf4 24. dxc5 Qd2 25. Qc4+ Kh7 26. Rc2 Ne3 27. fxe3
Bxe3+ 28. Kh1 Qd7 29. c6 Qd8 30. Re1 Re8 31. Rce2 Re4 32. Qb5 Qe7 33. Qd3 Rd8
34. Qc3 Bd4 35. Rxe4 fxe4 36. Qd2 e3 37. Qe2 Qe4+ 38. Kg1 Bxb2 39. Qxb2 Rd2 40.
Qxd2 exd2 41. Rxe4 d1=Q+ 42. Kf2 Qc2+ 43. Re2 Qxc6 44. Kg1 g5 45. Rf2 Kg6 46.
h3 Qe4 47. Kh2 Qe3 48. Kg2 a5 49. g4 Qe4+ 50. Kg3 a4 51. bxa4 Qxa4 52. Kh2 Qe4
53. Kg1 Qe1+ 54. Kg2 1/2-1/2